000 01391nam a2200289Ia 4500
003 OSt
005 20210419104515.0
008 210310s2006 cl gr 100 0 spa d
020 _a9213229658
040 _aCO-JMCR
_cCO-JMCR
041 0 _aspa
082 0 4 _a336.2 /
_bT147t
_223
111 2 _aTaller sobre Tributación en América Latina
_d(2005 :
_cChile)
_936957
245 1 0 _aTributación en América Latina :
_ben busca de una nueva agenda de reformas /
_ccompiladores, Oscar Cetrángolo, Juan Carlos Gómez Sabaini
260 _aChile :
_bCepal,
_c2006
300 _b160 páginas ;
_c23 cm.
490 0 _aLibros de la Cepal ;
_v93
500 _aIncluye notas a pie de página.
504 _aBibliografía al final de cada capítulo.
505 0 _tEvolución y situación tributaria actual en América Latina: una serie de temas para la discusión /
_rJuan Gómez Sabaini
_tLa administración tributaria en América Latina: algunas tendencias y desafíos /
_rKatherine Baer
650 1 4 _aRecaudación de impuestos
_914937
_vCongresos, conferencias, etc.
_zAmérica Latina
650 2 4 _aImpuestos
_vCongresos, conferencias, etc.
_zAmérica Latina
_936958
650 2 4 _aReforma tributaria
_vCongresos, conferencias, etc.
_zAmérica Latina
_936959
700 1 _aCetrángolo, Oscar,
_ecompilador
_936960
700 1 _aGómez Sabaini, Juan Carlos,
_ecompilador
_96517
942 _2ddc
_cBK
999 _c7611
_d7611